000 00240nam a2200109 a 4500
005 20140412111315.0
008 010423s19uu xx 00 eng d
050 _aER
_bIa6to
245 _aI am a toucan.
650 _aBirds
999 _c104201
_d104201